[Event "TUR-chT Clubs"]
[Site "Konya"]
[Date "2019.07.20"]
[Round "8.25"]
[White "Bicaklioglu, Denizhan"]
[Black "Lekealmaz, Emre"]
[Result "1-0"]
[WhiteElo "1139"]
[BlackElo "1182"]
[PlyCount "102"]
[EventDate "2019.07.16"]
[EventType "team-swiss"]
[EventRounds "9"]
[EventCountry "TUR"]
[SourceTitle "CBM 191 Extra"]
[Source "ChessBase"]
[SourceDate "2019.09.30"]
[SourceVersion "1"]
[SourceVersionDate "2019.09.30"]
[SourceQuality "1"]
[WhiteTeam "Akcakoca Palamut Bric"]
[BlackTeam "Mustafa Kemal Ortaokulu"]
[WhiteTeamCountry "TUR"]
[BlackTeamCountry "TUR"]

1. e4 e5 2. Nf3 Nf6 3. Nc3 Nc6 4. Bb5 Nd4 5. Bc4 Nxf3+ 6. Qxf3 Bc5 7. d3 h6 8. 0-0 d6 9. Nd5 Nxd5 10. Bxd5 0-0 11. Qg3 Qf6 12. Kh1 a5 13. Bd2 c6 14. d4 Bxd4 15. Bc4 Bxb2 16. Rab1 Bd4 17. f4 Be6 18. fxe5 Bxe5 19. Rxf6 Bxg3 20. Rxe6 fxe6 21. Bxe6+ Kh7 22. hxg3 b5 23. Bf4 b4 24. Rd1 Rae8 25. Rxd6 Rf6 26. Bf5+ Kg8 27. g4 Rxd6 28. Bxd6 g6 29. Bd7 Rxe4 30. Bxc6 Rxg4 31. Bd7 Rd4 32. Be6+ Kh7 33. Bc7 a4 34. Ba5 Rd6 35. Bc4 h5 36. Bd3 Rd4 37. Bb6 Rh4+ 38. Kg1 Kg7 39. Bf2 Rg4 40. Be2 Re4 41. Bd3 Re6 42. Bd4+ Kh6 43. Bc5 Kg5 44. Bxb4 Kf4 45. c4 Rc6 46. a3 Kg4 47. c5 Rf6 48. Bb5 Kg3 49. c6 Rf2 50. Bd6+ Kg4 51. Kxf2 Kh4 1-0

[Event "TUR-chT2"]
[Site "Konya"]
[Date "2018.07.15"]
[Round "9.26"]
[White "Lekealmaz, Emre"]
[Black "Dogan, Oguzhan"]
[Result "1-0"]
[WhiteElo "1183"]
[BlackElo "1009"]
[PlyCount "29"]
[EventDate "2018.07.10"]
[EventType "team-swiss"]
[EventRounds "9"]
[EventCountry "TUR"]
[SourceTitle "EXT 2019"]
[Source "ChessBase"]
[SourceDate "2018.10.10"]
[SourceVersion "1"]
[SourceVersionDate "2018.10.10"]
[SourceQuality "1"]
[WhiteTeam "Corum Merkez Yatili"]
[BlackTeam "Karaman Duru Bulgur"]
[WhiteTeamCountry "TUR"]
[BlackTeamCountry "TUR"]

1. e4 e5 2. Nf3 Nc6 3. Nc3 Nf6 4. d4 Bd6 5. Bc4 h6 6. Bb5 Bb4 7. 0-0 Bxc3 8. bxc3 Nxe4 9. Qe1 Nd6 10. Bxc6 bxc6 11. Qxe5+ Qe7 12. Qxg7 Qf8 13. Re1+ Kd8 14. Qf6+ Qe7 15. Qxe7# 1-0